000 00321nam a2200133Ia 4500
008 191201s2007 xx 000 0 und d
082 _a620.1
_bPAE
100 _aPANDEY, G N
245 0 _aEnvironmental Management
260 _aN.Delhi
_bVikas Publication House
_c2007
300 _a398
650 _aMBA
942 _2ddc
_cBK
999 _c3019
_d3019